000
00224nam a22000857a 4500
008
161227b xxu||||| |||| 00| 0 eng d
100
_9
2160
_a
Nehemia.A
245
_a
Wedding Clothes
260
_a
New Delhi
_b
Childrens Book Trust
_c
2011
999
_c
5050
_d
5050